Зачарований на Схід. Добропроходець (Запис № 18594)
[ простий вигляд ]
| 000 -Маркер запису | |
|---|---|
| Контрольне поле сталої довжини | 01671nam a22002537a 4500 |
| 003 - Належність контрольного номера | |
| Контрольне поле | Uzh_bibl |
| 008 - Кодовані дані | |
| Контрольне поле сталої довжини | 260629b |||||||| |||| 00| 0 ukr d |
| 020 ## - Індекс ISBN | |
| Ціна | 1.80 |
| 040 ## - Джерело каталогіз. | |
| Служба первин.кат. | укр. |
| 041 ## - Код мови видання | |
| Код мови оригіналу | українська |
| Код мови тексту | українська |
| 080 ## - Індекс УДК | |
| Індекс УДК | 821(477) |
| 090 ## - Шифри | |
| Поличний індекс | 821(477) |
| Авторський знак | Г 84 |
| 100 ## - Автор | |
| Автор | Гримайло, Ярослав |
| 245 ## - Назва | |
| Назва | Зачарований на Схід. Добропроходець |
| Фізичний носій | Текст |
| 260 ## - Вихідні дані | |
| Місце видання | Київ |
| Видавництво | Дніпро |
| Дата видання | 1985 |
| 300 ## - Фізичний опис | |
| Обсяг | 421 с. |
| Тип одиниці | В опр. |
| 520 ## - Анотація | |
| Анотація | В романі українського радянського письменника Я. В. Гримайла (1906 1984) розповідається про життя Ярослава Галана, письменника, драматурга, публіциста, про його героїчну боротьбу проти фашизму, буржуазного націоналізму, запроданства.<br/>Повість «Добропроходець» — це твір про Миколу Трублаїні, життя і творчість якого надихають на благородні вчинки все нові покоління. |
| 521 ## - Примітка про цільове призначення | |
| Примітка про цільове призначення | Для широкого кола читачів |
| 546 ## - Примітка про мову | |
| Примітка про мову | укр. |
| 650 ## - Тематичні рубрики | |
| Основна рубрика | Літературно-художнє видання |
| Хронологічна підрубрика | XX століття (до і під час Другої світової війни) |
| Географічна підрубрика | Україна, Західна Україна |
| 653 ## - Ключові слова | |
| Ключові слова | Галан |
| -- | Трублаїні |
| -- | Боротьба |
| -- | Фашизм |
| -- | Творчість |
| 655 ## - Термін індексування — жанр/форма | |
| Жанр/форма | Роман, біографічна повість |
| Типове ділення | Роман. Повість |
| 942 ## - ADDED ENTRY ELEMENTS (KOHA) | |
| Джерело класифікації чи схема поличного розташування | |
| Koha item type | Книги |
| Статус вилучення | Статус втрати/відсутності | Джерело класифікації чи схема поличного розташування | Статус пошкодження | Тип обігу (не для випозичання) | Постійне розташування | Поточне розташування | Розташування у відділі | Дата надходження | Інвентарний номер | Total Checkouts | Повний (примірниковий) шифр зберігання | Штрих-код | Date last seen | Дата, для якої чинна ціна заміни | Тип одиниці (рівень примірника) |
|---|---|---|---|---|---|---|---|---|---|---|---|---|---|---|---|
| Публічна бібліотека | Публічна бібліотека | Абонемент | 29/06/2026 | 34552 | 821(477) | 20633 | 29/06/2026 | 29/06/2026 | Книги |